Statistics for Most Penalties in the Europa League

Click here to take the quiz!

General Stats

  • This quiz has been taken 20 times
  • The average score is 6 of 33

Answer Stats

PenaltiesClub(s)YearsAnswer% Correct
6Manchester United, Sporting Lisbon2017-Bruno Fernandes
80%
7Athletic Bilbao, Valencia2002-'04, 2010-'20Aritz Aduriz
60%
4Everton, Inter Milan, Anderlecht2009-'11, 2014-'17, 2019-Romelu Lukaku
53%
4Inter Milan, Arsenal, Ajax Amsterdam1986-2006Dennis Bergkamp
33%
4Nice, Manchester City, Liverpool,2010-'13, 2014-'15, 2016-'19Mario Balotelli
33%
5Villarreal, Fiorentina, Celta Vigo2007-2017Giuseppe Rossi
27%
5Benfica, Trabzonspor, Olympiacos2007-2017Óscar Cardozo
27%
4AZ Alkmaar2017-Teun Koopmeiners
27%
4CSKA Moscow, Besiktas2004-'09, 2011, 2013, 2018-'19Vágner Love
27%
4FC Copenhagen, Chelsea2000-'04, 2006-'11Jesper Grønkjær
20%
4Juventus, Fiorentina, AC Milan1985-1997Roberto Baggio
20%
4Dinamo Zagreb, Crvena Zvezda, Real Madrid, Barcelona1986-'94, 1995-'96, 1997-'00Robert Prosinečki
20%
4Benfica, Atlético Madrid, Sporting Lisbon, Besiktas1997-'99, 2001-'12Simão Sabrosa
20%
4Rubin Kazan, Partizan Belgrade, CSKA Moscow, Hapoel Tel Aviv, Olympiacos2006-Bibras Natkho
13%
4CFR Cluj, Rapid București2006-'10, 2011-'15, 2017-Ciprian Deac
13%
4Young Boys, Paris Saint-Germain2008-'13, 2014-'20Guillaume Hoarau
13%
6Ipswich Town1975-'84,1988-'90, 1991-'97John Wark
13%
6Arsenal, Juventus, Inter Milan1973-'82, 1984-'86Liam Brady
13%
4Werder Bremen, Borussia Dortmund1997-'04, 2005-'11Torsten Frings
13%
5Barcelona1965-1981Carles Rexach
7%
4İstanbul Başakşehir2011-Edin Višća
7%
4Aberdeen, Manchester United1977-1989Gordon Strachan
7%
4Budapest Honvéd, FC Tatabánya1974-'80, 1981-'84István Weimper
7%
4Barcelona1974-1979Johan Neeskens
7%
4Rosenborg, Wolfsburg2014-'16, 2017-'19Nicklas Bendtner
7%
5Lokomotive Leipzig1979-1990Uwe Zötzsche
7%
4Spartak Moscow, Dynamo Moscow1973-1985Yuri Gavrilov
7%
6Hamburger SV, Vfb Stuttgart, FC Zürich1969-1980Georg Volkert
0%
4Željezničar Sarajevo, Standard Liège1964-1977Josip Bukal
0%
4Wisła Kraków, Lech Poznań1998-'05, 2010-'11Maciej Żurawski
0%
4Grasshoppers Zurich1974-1980Raimondo Ponte
0%
4Steaua București, Osmanlispor2011-'13, 2014-'19Raul Rusescu
0%
4IFK Göteborg1981-1987Stig Fredriksson
0%

Score Distribution

Percentile by Number Answered

Percent of People with Each Score

Your Score History

You have not taken this quiz